Normal view MARC view
  • Ciencia cognoscitiva

Entry Materia

Number of records used in: 10

001 - NÚMERO DE CONTROL DEL REGISTRO

  • campo de control: 9878

003 - IDENTIFICADOR DE NUMERO DE CONTROL

  • campo de control: UPN

005 - FECHA Y HORA DE LA ÚLTIMA TRANSACCIÓN

  • campo de control: 20221014151516.0

008 - DATOS DE LONGITUD FIJA

  • campo de control de longitud fija: 221014n||acznnbabn | ana |d

035 ## - NÚMERO DE CONTROL DEL SISTEMA

  • Número de control del sistema: UPN10000009885

040 ## - FUENTE DE LA CATALOGACIÓN

  • Centro catalogador de origen: UPN
  • Lengua de catalogación: spa
  • Agencia de transcripción: UPN

046 ## - FECHAS CON CODIFICACIÓN ESPECIAL

  • Fecha final para contenidos agregados: 2022

150 ## - ENCABEZAMIENTO - TEMÁTICO

  • Término de materia o nombre geográfico como elemento inicial: Ciencia cognoscitiva

450 ## - VÉASE - MATERIA

  • Encabezamiento temático: Ciencia cognitiva

550 ## - VÉASE ADEMÁS - MATERIA

  • Encabezamiento temático o nombre geográfico como elemento de entrada: Filosofía de la mente

550 ## - VÉASE ADEMÁS - MATERIA

  • Subcampo de control: g
  • Encabezamiento temático o nombre geográfico como elemento de entrada: Ciencia

550 ## - VÉASE ADEMÁS - MATERIA

  • Subcampo de control: h
  • Encabezamiento temático o nombre geográfico como elemento de entrada: Inteligencia artificial

550 ## - VÉASE ADEMÁS - MATERIA

  • Subcampo de control: h
  • Encabezamiento temático o nombre geográfico como elemento de entrada: Psicología cognoscitiva

670 ## - FUENTE EN LA QUE SE LOCALIZARON DATOS

  • Cita de la fuente: DGB UNAM, 14 octubre 2022:
  • Información localizada: encabezamiento (Ciencia cognoscitiva)

902 ## - CATALOGADOR

  • Catalogador: MMA/050602